000 01297nam a22003737a 4500
003 CHAP
005 20220329141146.0
008 971010s1986 r 00010 d
010 _a63605
011 _a64577
035 _a70263
040 _cCHAP
090 _aFolleto 11718
100 0 0 _aPérez Palacios, Gilberto.
_989907
245 1 _aDeterminación de niveles de fósforo sanguíneo en bovinos bajo agostadero
260 _aZacatecas, Zac. :
_bUniversidad Autónoma de Zacatecas,
_c1986
300 _a36 p. gráfs.
490 _aCuadernos de investigación
_v; 26
590 _aBATCH-UPD
_b10
_c20130110
_lUCH01
_h0527
590 _aBATCH-UPD
_b10
_c20130110
_lUCH01
_h2237
590 _aBATCH-UPD
_b10
_c20130410
_lUCH01
_h0207
590 _aBATCH-UPD
_b10
_c20130410
_lUCH01
_h1646
590 _aBATCH-UPD
_b10
_c20130914
_lUCH01
_h0527
590 _aBATCH-UPD
_b10
_c20130914
_lUCH01
_h2137
590 _aCONVERSION
_b10
_c20130109
_lUCH01
_h1334
650 1 4 _aFósforo en sangre.
_942268
650 1 4 _aGanado vacuno
_xAlimentación.
_945429
700 0 _aBaldwin Sevilla, Carlos.
_99674
700 0 _aCastillo Peuna, Miguel Angel.
_920197
830 0 _aCuadernos de investigación
_v; 26
_929789
901 _aBK
942 _cFOLL
949 _aFolleto 11718
_bBC
_cFOLL
_d-2580
_eTS1
_i70263
_si
999 _c63605
_d63605